| 000 | 00603nam a2200193 i 4500 | ||
|---|---|---|---|
| 001 | 001184042 | ||
| 003 | AM-YeHGA | ||
| 005 | 20250618074616.0 | ||
| 008 | 161021s2016 ai o|||gr|||||000|0|arm|| | ||
| 020 | _a9785550017951 | ||
| 040 | _aAM-YeHGA | ||
| 041 | 0 | _aarm | |
| 100 | 1 | _aԱթայան, Կարո | |
| 245 | 1 | 0 |
_aՄոսկովյան հանդիպումներ : _bԼրագրողի հուշերից / _cԿարո Աթայան. |
| 260 |
_aԵրևան : _bՆաիրի, _c2016. |
||
| 300 |
_a112 էջ : _b[7] թ. նկ. ; _c20 սմ. |
||
| 650 | 1 | 4 |
_aՀայ հուշագրություն _95766 |
| 090 | _c378962 | ||
| 999 |
_c377052 _d377052 |
||